| 000 | 00659cam a2200241 4500500 | ||
|---|---|---|---|
| 005 | 20260405001731.0 | ||
| 041 | _afre | ||
| 042 | _adc | ||
| 100 | 1 | 0 |
_aRusch, Pierre _eauthor |
| 245 | 0 | 0 | _aL’Horizon |
| 260 | _c2014. | ||
| 500 | _a61 | ||
| 690 | _aCéline Flécheux | ||
| 690 | _aChine | ||
| 690 | _aFrançois Jullien | ||
| 690 | _aHorizon | ||
| 690 | _apaysage | ||
| 690 | _aPhilippe Garnier | ||
| 690 | _aRegard | ||
| 690 | _aRenaissance | ||
| 786 | 0 | _nPhilosophie magazine | 78 | 4 | 2014-04-01 | p. 71-73 | 1951-1787 | |
| 856 | 4 | 1 | _uhttps://shs.cairn.info/magazine-philosophie-magazine-2014-4-page-71?lang=fr&redirect-ssocas=7080 |
| 999 |
_c2050531 _d2050531 |
||